<?xml version="1.0" encoding="UTF-8"?><?xml-stylesheet type="text/xsl" href="static/style.xsl"?><OAI-PMH xmlns="http://www.openarchives.org/OAI/2.0/" xmlns:xsi="http://www.w3.org/2001/XMLSchema-instance" xsi:schemaLocation="http://www.openarchives.org/OAI/2.0/ http://www.openarchives.org/OAI/2.0/OAI-PMH.xsd"><responseDate>2026-04-27T01:59:07Z</responseDate><request verb="GetRecord" identifier="oai:repisalud.isciii.es:20.500.12105/25242" metadataPrefix="marc">https://repisalud.isciii.es/rest/oai/request</request><GetRecord><record><header><identifier>oai:repisalud.isciii.es:20.500.12105/25242</identifier><datestamp>2024-10-23T09:55:47Z</datestamp><setSpec>com_20.500.12105_15322</setSpec><setSpec>com_20.500.12105_2051</setSpec><setSpec>col_20.500.12105_16958</setSpec></header><metadata><record xmlns="http://www.loc.gov/MARC21/slim" xmlns:dcterms="http://purl.org/dc/terms/" xmlns:doc="http://www.lyncode.com/xoai" xmlns:xsi="http://www.w3.org/2001/XMLSchema-instance" xsi:schemaLocation="http://www.loc.gov/MARC21/slim http://www.loc.gov/standards/marcxml/schema/MARC21slim.xsd">
   <leader>00925njm 22002777a 4500</leader>
   <datafield ind2=" " ind1=" " tag="042">
      <subfield code="a">dc</subfield>
   </datafield>
   <datafield ind2=" " ind1=" " tag="720">
      <subfield code="a">Gutierrez-Valencia, Alicia</subfield>
      <subfield code="e">author</subfield>
   </datafield>
   <datafield ind2=" " ind1=" " tag="720">
      <subfield code="a">Trujillo-Rodriguez, Maria</subfield>
      <subfield code="e">author</subfield>
   </datafield>
   <datafield ind2=" " ind1=" " tag="720">
      <subfield code="a">Fernandez-Magdaleno, Tamara</subfield>
      <subfield code="e">author</subfield>
   </datafield>
   <datafield ind2=" " ind1=" " tag="720">
      <subfield code="a">Espinosa, Nuria</subfield>
      <subfield code="e">author</subfield>
   </datafield>
   <datafield ind2=" " ind1=" " tag="720">
      <subfield code="a">Viciana, Pompeyo</subfield>
      <subfield code="e">author</subfield>
   </datafield>
   <datafield ind2=" " ind1=" " tag="720">
      <subfield code="a">López-Cortés, Luis F</subfield>
      <subfield code="e">author</subfield>
   </datafield>
   <datafield ind2=" " ind1=" " tag="260">
      <subfield code="c">2018</subfield>
   </datafield>
   <datafield ind2=" " ind1=" " tag="520">
      <subfield code="a">Introduction: When darunavir (DRV) 800 mg is boosted with 150 mg cobicistat (DRVcobi), DRV trough concentration (Ctrough) is about 30% lower as compared to 100 mg ritonavir (DRVrtv). DRVcobi shows similar virological efficacy as DRVrtv when combined with two nucleos(t)ide analogue reverse-transcriptase inhibitors, but it is unknown whether a lower DRV Ctrough would undermine the effectiveness of DRVcobi when given as monotherapy (mtDRVcobi). Methods: Prospective observational study on virologically suppressed HIV-infected subjects who switched to mtDRVcobi . Virological failure was defined as two consecutive HIV-RNA >200 copies/mL. Efficacy was evaluated by intention-to-treat (ITT) and on-treatment (OT) analyses, and compared with data from a previous cohort of subjects on mtDRVrtv conducted at our centre. Plasma DRV Ctrough was measured using LC-MS/MS. Results: A total of 234 subjects were enrolled. At week 96, the efficacy rates were 67.8% (CI95 , 61.8 to 73.7) by ITT and 86.9% (CI95 , 78.0 to 87.7) by OT analyses. The corresponding rates in our historical DRVrtv controls were 67.6% (CI95 , 60.0 to 75.2) and 83.6% (CI95 : 77.2 to 90.0). A total of 135 DRV determinations were performed in 83 subjects throughout the follow-up period, with a median plasma DRV Ctrough of 1305 ng/mL (range, 150 to 5895) compared with 1710 ng/mL (range, 200 to 3838) in subjects on monotherapy with DRVrtv (p = 0.05). Conclusions: DRV Ctrough was lower in HIV-infected subjects receiving DRVcobi than with DRVrtv . However, this did not appear to influence the efficacy of DRVcobi , when administered as monotherapy.</subfield>
   </datafield>
   <datafield ind1="8" ind2=" " tag="024">
      <subfield code="a">http://hdl.handle.net/10668/12115</subfield>
   </datafield>
   <datafield ind1="8" ind2=" " tag="024">
      <subfield code="a">https://hdl.handle.net/20.500.12105/25242</subfield>
   </datafield>
   <datafield ind1="8" ind2=" " tag="024">
      <subfield code="a">29430854</subfield>
   </datafield>
   <datafield ind1="8" ind2=" " tag="024">
      <subfield code="a">10.1002/jia2.25072</subfield>
   </datafield>
   <datafield ind1="8" ind2=" " tag="024">
      <subfield code="a">1758-2652</subfield>
   </datafield>
   <datafield ind1="8" ind2=" " tag="024">
      <subfield code="a">Journal of the International AIDS Society</subfield>
   </datafield>
   <datafield tag="653" ind2=" " ind1=" ">
      <subfield code="a">Ctrough</subfield>
   </datafield>
   <datafield tag="653" ind2=" " ind1=" ">
      <subfield code="a">Darunavir</subfield>
   </datafield>
   <datafield tag="653" ind2=" " ind1=" ">
      <subfield code="a">Cobicistat</subfield>
   </datafield>
   <datafield tag="653" ind2=" " ind1=" ">
      <subfield code="a">Monotherapy</subfield>
   </datafield>
   <datafield tag="653" ind2=" " ind1=" ">
      <subfield code="a">Pharmacokinetic</subfield>
   </datafield>
   <datafield tag="653" ind2=" " ind1=" ">
      <subfield code="a">Ritonavir</subfield>
   </datafield>
   <datafield ind2="0" ind1="0" tag="245">
      <subfield code="a">Darunavir/cobicistat showing similar effectiveness as darunavir/ritonavir monotherapy despite lower trough concentrations.</subfield>
   </datafield>
</record></metadata></record></GetRecord></OAI-PMH>